LIBRARY & INFORMATION CENTRE, KCAET, TAVANUR

ONLINE PUBLIC ACCESS CATALOGUE (OPAC)

Kaali sampathum kozhi valarthalum / (Record no. 6018)

MARC details
000 -LEADER
fixed length control field 00743cam a2200301ua 4500
041 ## - LANGUAGE CODE
Language code of text/sound track or separate title mal
082 ## - DEWEY DECIMAL CLASSIFICATION NUMBER
Classification number 636
Item number HAR/KA
100 ## - MAIN ENTRY--AUTHOR NAME
Personal name Harban , Singh .
245 ## - TITLE STATEMENT
Title Kaali sampathum kozhi valarthalum /
250 ## - EDITION STATEMENT
Edition statement 1 /
260 ## - PUBLICATION, DISTRIBUTION, ETC. (IMPRINT)
Place of publication Thiruvananthapuram :
Name of publisher State Instititute of Languages ,
Year of publication 1977.
300 ## - PHYSICAL DESCRIPTION
Number of Pages 744 ; .
700 1# - ADDED ENTRY--PERSONAL NAME
Personal name More, Earl N M .
942 ## - ADDED ENTRY ELEMENTS (KOHA)
Koha item type Books
Holdings
Withdrawn status Lost status Damaged status Home library Current library Date acquired Full call number Accession Number Koha item type
      KAUAET KAUAET 07/04/2012 636 14462 Books
      KAUAET KAUAET 07/04/2012 636 14458 Books
      KAUAET KAUAET 07/04/2012 636 14455 Books
      KAUAET KAUAET 07/04/2012 636 14461 Books
      KAUAET KAUAET 07/04/2012 636 14456 Books
      KAUAET KAUAET 07/04/2012 636 14460 Books
      KAUAET KAUAET 07/04/2012 636 14459 Books
      KAUAET KAUAET 07/04/2012 636 14453 Books
      KAUAET KAUAET 07/04/2012 636 14454 Books
      KAUAET KAUAET 07/04/2012 636 14457 Books
free website counter